| 000 | 00905cam a2200265Ia 4500 | ||
|---|---|---|---|
| 001 | sjds15967784 | ||
| 003 | sjds | ||
| 005 | 20230213204753.0 | ||
| 008 | spa | ||
| 020 | _a8431029854 (pbk.) | ||
| 020 | _a9780922852468 | ||
| 040 |
_aKLC _cKLC _dTXP _dm/c _dCMM |
||
| 041 | _aspa | ||
| 090 |
_aPZ73.G4564 _bEn 1985 |
||
| 100 | 1 | _aGiff, Patricia Reilly. | |
| 245 | 1 | 0 |
_aEn las garras del dinosaurio / _cpor Patricia Reilly Giff ; ilustraciones de Blanche Sims ; traduccion de Consuelo Gonzalez de Ortega. |
| 260 |
_aCincinnati, Ohio : _bAnother Language Press, _cc1995. |
||
| 300 |
_a79, [1] p. : _bill. ; _c20 cm. |
||
| 490 | 0 |
_aEl caballo volador ; _v5. |
|
| 500 | _aTranslation of: In the dinosaur's paw. | ||
| 700 | 1 |
_aGiff, Patricia Reilly. _tIn the dinosaur's paw. _lSpanish. |
|
| 700 | 1 | _aSims, Blanche. | |
| 700 | 1 | _aGonzalez de Ortega, Consuelo | |
| 942 | _cBK | ||
| 999 |
_c28046 _d28046 |
||